Formas de país en el mapa mundial #2 - Estadísticas

Estadísticas generales
  • Esta prueba ha sido intentada 89 veces
  • La puntuación promedio es 18 de 20
Respuestas en el mapa
Las respuestas están codificadas por una escala verde-roja en el mapa de la prueba según el % correcto abajo.
 
Estadísticas de respuestas
país % Correcto
Canadá
100%
Bolivia
98%
Ecuador
97%
España
95%
Argelia
94%
Egipto
94%
Guyana
94%
Islandia
94%
Finlandia
92%
República Dominicana
90%
Indonesia
89%
Japón
89%
Nigeria
89%
Yemen
89%
Irán
87%
Sudán del Sur
85%
Botsuana
84%
Grecia
84%
Vietnam
82%
Uzbekistán
73%
No se encontraron pruebas coincidentes
Distribución de puntuación
Porcentaje de gente con cada puntuación
Porcentaje por número respondido
Historial de tus puntuaciones
No has intentado esta prueba.